000
002620000a22000970004500
100
1
_a
Fernando, Ajith
245
1
0
_a
Rediscovering the doctrine of lostness (part II)
300
_a
Vol. 15, Núm 50 (1988), Páginas 14
773
0
_t
World Evangelization
942
_c
ANA
999
_c
58104
_d
58104